History of the United States from the discovery of the american continent.
שמור ב:
| מחבר ראשי: | |
|---|---|
| פורמט: | ספר |
| שפה: | אנגלית |
| יצא לאור: |
London, England, United Kingdom
George Routledge and Co.
1854
|
| נושאים: | |
| תגים: |
הוספת תג
אין תגיות, היה/י הראשונ/ה לתייג את הרשומה!
|
MARC
| LEADER | 00000nam a2200000 a 4500 | ||
|---|---|---|---|
| 001 | UCJ6800 | ||
| 003 | CL-VaPUC | ||
| 005 | 20211020074530.0 | ||
| 008 | 070124e18540000UK |||||||||||||||||eng|d | ||
| 999 | |c 322902 |d 322900 | ||
| 040 | |c Pontificia Universidad Católica de Valparaíso | ||
| 082 | 0 | 4 | |a 973 BAN 1854 |2 21 |
| 100 | 0 | |a Bancroft, George |9 514184 | |
| 245 | 1 | 0 | |a History of the United States from the discovery of the american continent. |
| 260 | 0 | 3 | |a London, England, United Kingdom |b George Routledge and Co. |c 1854 |
| 300 | |a 5 volúmenes. | ||
| 500 | |a Dos ex libris | ||
| 583 | |a last modification |c 20070124 00:00:00 |k Rodrigo Vera | ||
| 600 | 0 | 7 | |a ARMSTRONG, THOMAS R. |2 CL-VaPUC |9 514185 |
| 600 | 0 | 7 | |a MORRISON, J.J. |2 CL-VaPUC |9 514186 |
| 650 | 0 | |a Descubrimientos geográficos |9 331933 | |
| 650 | 0 | |a Aborígenes |9 329972 | |
| 650 | 0 | |a Colonización |9 265172 | |
| 650 | 0 | |a Guerra de la independencia |9 331979 | |
| 650 | 7 | |a INSTITUCIONES |2 CL-VaPUC |9 329701 | |
| 650 | 7 | |a EX LIBRIS |2 CL-VaPUC |9 505186 | |
| 650 | 7 | |a HERALDICA |2 CL-VaPUC |9 388228 | |
| 651 | 7 | |a ESTADOS UNIDOS DE NORTEAMERICA |2 CL-VaPUC |9 316036 | |
| 942 | |c BK |2 ddc | ||
| 945 | |d 20070124 00:00:00 |a rinostro | ||
| 952 | |0 0 |1 0 |4 0 |6 973_000000000000000_BAN_1854 |7 0 |8 X |9 402059 |a FDOBUD |b FDOBUD |d 2019-11-22 |h v.1 |i 1053213 |o 973 BAN 1854 |p 1053213 |r 2019-11-22 |t 1 |w 2019-11-22 |y BK_X |k BUD | ||
| 952 | |0 0 |1 0 |4 0 |6 973_000000000000000_BAN_1854 |7 0 |8 X |9 402060 |a FDOBUD |b FDOBUD |d 2019-11-22 |h v.2 |i 1053221 |o 973 BAN 1854 |p 1053221 |r 2019-11-22 |t 1 |w 2019-11-22 |y BK_X |k BUD | ||
| 952 | |0 0 |1 0 |4 0 |6 973_000000000000000_BAN_1854 |7 0 |8 X |9 402061 |a FDOBUD |b FDOBUD |d 2019-11-22 |h v.3 |i 105323K |o 973 BAN 1854 |p 105323K |r 2019-11-22 |t 1 |w 2019-11-22 |y BK_X |k BUD | ||
| 952 | |0 0 |1 0 |4 0 |6 973_000000000000000_BAN_1854 |7 0 |8 X |9 402062 |a FDOBUD |b FDOBUD |d 2019-11-22 |h v.4 |i 1053248 |o 973 BAN 1854 |p 1053248 |r 2019-11-22 |t 1 |w 2019-11-22 |y BK_X |k BUD | ||
| 952 | |0 0 |1 0 |4 0 |6 973_000000000000000_BAN_1854 |7 0 |8 X |9 402063 |a FDOBUD |b FDOBUD |d 2019-11-22 |h v.5 |i 1053256 |o 973 BAN 1854 |p 1053256 |r 2019-11-22 |t 1 |w 2019-11-22 |y BK_X |k BUD | ||